Del caos a la excelencia : manual para una revolución en la dirección y administración de empresas /
Na minha lista:
| Autor principal: | |
|---|---|
| Formato: | Livro |
| Idioma: | espanhol |
| Publicado em: |
Barcelona, España :
Folio,
1990, c1990
|
| Assuntos: | |
| Tags: |
Sem tags, seja o primeiro a adicionar uma tag!
|
MARC
| LEADER | 00000nam^a2200000^a^4500 | ||
|---|---|---|---|
| 001 | 000165763 | ||
| 005 | 20250521000000.0 | ||
| 009 | 20260310101028.881 | ||
| 020 | |a 84-7583-155-9 | ||
| 037 | |a Acervo ITESO - Biblioteca | ||
| 041 | |a ESP | ||
| 082 | |a 658. 409 |b PET | ||
| 100 | |a Peters, Tom |e (autor) | ||
| 240 | 1 | 1 | |a [Del caos a la excelencia] |
| 245 | 1 | 0 | |a Del caos a la excelencia : |b manual para una revolución en la dirección y administración de empresas / |c T. Peters ; tr. por Thema. |
| 264 | 4 | |a Barcelona, España : |b Folio, |c 1990, c1990 | |
| 300 | |a XII, 687 p. | ||
| 336 | |a texto |b txt |2 rdacontenido | ||
| 337 | |a sin mediación |b n |2 rdamedio | ||
| 338 | |a volumen |b nc |2 rdasoporte | ||
| 649 | |a XX | ||
| 650 | |a Gerentes y Jefes | ||
| 650 | |a Exito Administrativo | ||
| 650 | |a Liderazgo | ||
| 650 | |a Empowerment | ||
| 650 | |a Toma de Decisiones | ||
| 650 | |a Proceso Administrativo - |x Dirección | ||
| 650 | |a Administración | ||
| 650 | |a Ciencias Administrativas | ||
| 910 | |a Fondo General | ||
| 920 | |a Impresos - Libros | ||
| 930 | |a Colección General | ||
| 905 | |a 101 | ||
| 901 | |a 0500100761 |b IT1 |c ACC |u 20250521 | ||
| 902 | |a https://opac.biblio.iteso.mx/vufind/Record/000165763 | ||